Zákon hodnoty v socializme predpoklady, požiadavky, funkcie a protirečenia

Bibliographic Details
Main Author: Arojo, Žak (Author)
Other Authors: Sládek, Dušan (Translator)
Format: Book
Language:Slovak
Bulgarian
PhysicalDescription:292 s. 21 cm
Published: Bratislava Pravda 1989
ISBN:8021800356
Edition:1. vyd.
Series:Politická ekonómia
Subjects:

MARC

LEADER 00000cam a2200000 a 4500
001 vtls001082868
003 SK-MaSNL
005 20260301153300.0
008 240315s1989 xo g n 000 0 slo
015 |a SNBA1989/12 
020 |a 8021800356  |q (viaz.) 
035 |a SNK000025706 
035 |a urn:nbn:sk:snk-amks6p 
035 |a urn:nbn:sk:snk-am005aug 
035 |a F55D0C79-EA29-4C9C-BFD4-BE38E4811D6D 
040 |a SNK  |b slo  |c SNK  |e AACR2 
041 1 |a slo  |h bul 
044 |a xo  |c SK 
080 |a 330.13:330.342.15  |2 1981 
080 |a 330.342.15  |2 1981 
100 1 |a Arojo, Žak  |4 aut  |9 514665 
240 1 0 |a Zakonat za stojnostta pri socializma  |l Slovensky 
245 1 0 |a Zákon hodnoty v socializme  |b predpoklady, požiadavky, funkcie a protirečenia  |c Žak Arojo ; [z bulh. orig. ... prel. Dušan Sládek] 
250 |a 1. vyd. 
260 |a Bratislava  |b Pravda  |c 1989  |e Bratislava  |f Pravda 
300 |a 292 s.  |c 21 cm 
366 |e 1500 výt. 
490 1 |a Politická ekonómia 
504 |a Bibliogr. odkazy 
650 0 7 |a zákon hodnoty  |2 SNKPH  |9 514666 
650 0 7 |a socializmus  |2 SNKPH  |9 2151 
655 7 |a monografie  |2 SNKPH  |9 70139 
700 1 |a Sládek, Dušan  |4 trl  |9 514667 
830 0 |a Politická ekonómia  |9 370372 
919 |a 80-218-0035-6 
958 |a OND 
958 |a TL 
958 |a NB 
958 |a OP 
958 |a BG 
968 |a SLO  |b BUL 
999 |c 792313  |d 794243 
952 |a SNK  |b SNK  |y VYP  |7 0  |p 17A1162462  |o snkSC 75791 D1  |i snkKSP 10000/89  |0 0  |1 0  |4 0  |d 2015-03-31  |f 1  |l 0  |r 2026-02-24 01:42:09  |w 2026-02-24